|
|
|
|
| LEADER |
00000nkm a2200000 a 4500 |
| 001 |
vtls001383792 |
| 003 |
SK-MaSNL |
| 005 |
20260301161432.0 |
| 007 |
kf bo |
| 008 |
231206q1903 xo g 0kuslo |
| 035 |
|
|
|a SNK000337889
|
| 035 |
|
|
|a urn:nbn:sk:snk-km004y0r
|
| 035 |
|
|
|a FF81A7E8-E6C7-4686-A2E2-4383FFABABAC
|
| 035 |
|
|
|a urn:nbn:sk:snk-kmtfz0
|
| 040 |
|
|
|a SNK
|b slo
|c SNK
|e AACR2
|
| 041 |
0 |
|
|a slo
|
| 043 |
|
|
|a e-xo---
|
| 044 |
|
|
|a xo
|c SK
|
| 080 |
|
|
|a 913(437.6)
|2 2001
|
| 080 |
|
|
|a (084.121)904
|2 2001
|
| 080 |
|
|
|a (084.121)
|2 2001
|
| 080 |
|
|
|a 726.71
|2 2001
|
| 245 |
0 |
0 |
|a Liptovský Sv. Mikuláš
|h grafika
|b kláštor
|
| 260 |
|
|
|a V Turčianskom Sv. Martine
|b P. Socháň
|c [1903?]
|
| 300 |
|
|
|a 1 pohľadnica
|b čiernobiela
|c 9 x 14 cm
|
| 520 |
8 |
|
|a Zobrazenie: pohľad na kláštor
|
| 650 |
0 |
7 |
|a kláštory
|2 SNKPH
|9 3024
|
| 651 |
|
7 |
|a Liptovský Mikuláš (Slovensko)
|2 SNKPH
|9 36847
|
| 655 |
|
7 |
|a pohľadnice kultúrnych pamiatok
|2 SNKPH
|9 70523
|
| 655 |
|
7 |
|a miestne pohľadnice
|2 SNKPH
|9 70510
|
| 752 |
|
|
|a Slovensko
|d Martin
|
| 852 |
|
|
|a Slovenská národná knižnica
|
| 958 |
|
|
|a GC
|
| 958 |
|
|
|a GBN
|
| 958 |
|
|
|a ONDV
|
| 999 |
|
|
|c 809448
|d 811378
|
| 952 |
|
|
|t P60, <03>, [BOOK], {603}
|a SNK
|b SNK
|y PREZ
|7 0
|p 17A0229193
|o snkSP 82661
|0 0
|1 0
|4 0
|d 2000-02-25
|f 1
|l 0
|r 2005-01-02 00:00:00
|w 2026-02-24
|